000 04290nab a2200265 i 4500
003 BR-BrBNA
005 20251229215657.0
008 251229b2021 bl.|r|pooa||| 00| 0 eng |
040 _aBR-BrBNA
_beng
072 _aF01
_b1123
100 _aCleves-Leguízamo, José-Alejandro
245 _aFunctional analysis of trellising systems and their impact on quality and productivity in passion fruit (Passiflora edulis Sims f. Flavicarpa and f. Pupurea, Degener) cultivars in Colombia
500 _a Publicação online; 7 tables; 2 illus.; Summaries (En, Pt); Bibliography p. 10-12
520 _a Abstract- In the last decade, passion fruit cultivation has regained special importance expressed in the increase of the planting area in order to supply growing markets. This study systematizes research and production experiences gathered in more than three decades of technical work in the central region of Colombia, at locations of Valle del Cauca, Cauca, Huila, Tólima, Quindio and Risaralda. Extensive field visits were conducted with farmers, students and technicians. Initially, general information on passion fruit cultivation, edaphoclimatic requirements are reviewed, analyzing the effect of climatological variables such as wind speed, relative humidity, temperature, rainfall and sunshine, in intensive production processes, which are manifested in the monthly distribution of production volume, expressed as percentage, taking as a reference the three support and conduction systems (simple trellis, “T” system and double cordon), highlighting attributes, advantages, disadvantages and their relationship with productivity and quality. Finally, the effect of pollinating agents was described. It was concluded that according to the ecophysiological requirements of passion fruit cultivation under tropical Colombian conditions, the trellising system, which presents the greatest advantages for cultural and phytosanitary management is the simple trellis, obtaining higher production volumes of optimum quality. Index terms: Tropical fruit production; production systems; productivity; passion flowers; yellow passion fruit; purple passion fruit
520 _a Resumo- Na última década, o cultivo do maracujá voltou a ganhar especial importância, expressa no aumento da área de plantio, para abastecer mercados em crescimento. Este estudo sistematiza as experiências de pesquisa e de produção acumuladas em mais de três décadas de trabalho técnico na região central da Colômbia, nas localidades de Valle del Cauca, Cauca, Huila, Tólima, Quindio e Risaralda. Visitas de campo foram realizadas com agricultores, estudantes e técnicos. Inicialmente, informações gerais sobre o cultivo do maracujá e requisitos edafoclimáticos são avaliadas, analisando a incidência de variáveis climatológicas, como velocidade do vento, umidade relativa, temperatura, precipitação e insolação, em processos intensivos de produção, que se manifestam na distribuição mensal do volume de produção, expresso em percentagem, tendo como referência os três sistemas de condução (espaldadeira, latada e cordão), destacando os atributos, as vantagens, as desvantagens e sua relação com a produtividade e a qualidade. Finalmente, o efeito de agentes polinizadores será descrito. Concluiu-se que, de acordo com as exigências ecofisiológicas do cultivo do maracujá em condições tropicais colombianas, o sistema de treliça que apresenta maiores vantagens para o manejo cultural e fitossanitário, é a treliça simples, obtendo maiores volumes de produção de ótima qualidade. Termos para indexação: Produção de frutas tropicais; sistemas de produção; produtividade; flores da paixão; maracujá-amarelo; maracujá-roxo.
650 _aMARACUJÁ
650 _aFRUTA TROPICAL
650 _aPRÁTICA CULTURAL
650 _aPRODUTIVIDADE
650 _aCOLÔMBIA
773 0 _0805
_9317054
_dJaboticabal-SP Sociedade Brasileira de Fruticultura 1978
_o2024-3616
_tRevista Brasileira de Fruticultura (Brazil)
_x0100-2945
_gv. 43(5) p. 1-12; (2021)
_wBR2025004846
856 _uhttps://www.scielo.br/j/rbf/a/smRsFBDWBnCqTQsDJLwYbGz/?format=pdf&lang=en
942 _cANA
999 _c339659
_d339659